| 000 | 00605nam a2200217 a 4500 | ||
|---|---|---|---|
| 001 | 000046016 | ||
| 003 | DO-SdBNP | ||
| 005 | 20211005095018.0 | ||
| 007 | ta | ||
| 008 | 150611s 2012 dr a 000 0 spa d | ||
| 020 | _a9789945131567 | ||
| 040 |
_aDO-SdBNP _bspa _cBNPHU |
||
| 082 | 4 |
_aBNPHU _bH558d |
|
| 100 | 1 |
_aHernández Fortuna, Arsenio _937797 |
|
| 245 | 1 | 3 |
_aLa defensa de la soberanía nacional. / _cArsenio Hernández Fortuna. |
| 260 |
_aSanto Domingo : _bMediabyte, _c2012. |
||
| 300 |
_a162 p. : _bil. ; _c22 cm. |
||
| 590 | _aInventariado, 2021/BT | ||
| 910 | _aBtavárez | ||
| 942 |
_2ddc _cLBS1 |
||
| 999 |
_c45505 _d45505 |
||